000 00740nam a2200265Ia 4500
003 OSt
005 20220918164734.0
006 a|||||r|||| 00| 0
007 ta
008 220917b |||||||| |||| 00| 0 eng d
020 _a0745315879 (pbk)
024 _a187,152
037 _cTextual
040 _aARTS
_cARTS
_beng
041 _2eng
_aeng
082 _aRxM97:g, P0 (SC)
100 _aNoys Benjamin
_920410
245 0 _aGeorges Bataille
_b a critical introduction Benjamins Noys
260 _aLondon
_bPluto Press
_c2000
300 _aviii, 165p.
_ccm.
490 _aModern European thinker s
650 _aPHILOSOPHY
942 _hRxM97:g, P0 (SC)
_cTEXL
_2CC
999 _c126288
_d126288